000 01838nam a2200433 a 4500
001 000032095
003 DO-SdBNP
005 20180306085220.0
007 000032095
008 110712s2013 dr ac 000 0 spa d
020 _a9789945495313
040 _aBPMSU
_bspa
_cBPMSU
082 0 4 _a372.6561
_bB862L 1ro. 2013
100 1 _aBrito, Ilda
245 1 0 _aLengua española 1 :
_b[educación básica] /
_cRevisada y actualizada Ilda Brito, Karolyn Guzmán ; producción editorial María del Jesús de la Rosa ; ilustración Ramón Sandoval.
260 _aSanto Domingo :
_bActualidad Escolar
_c2013.
300 _a2 v. :
_bil., retrs. ;
_c28 cm.
500 _aPrimer grado. Primer ciclo educación básica.
500 _aTexto original fue elaborado por Fiume Gómez
500 _aEdición revisada y actualizada al 2013
500 _aIncluye el libro del maestro.
504 _aBibliografía: p. 192
505 0 _gUnidad 1 --
_tA la escuela --
_gUnidad 2 --
_tMi familia --
_gUnidad 3 --
_tMe relaciono --
_gUnidad 4 --
_tLlegó la navidad --
_gUnidad 5 --
_tMi comunidad --
_gUnidad 6 --
_tTodos trabajamos, por la patria --
_gUnidad 7 --
_tMe comunico --
650 4 _aESPAÑOL
_xENSEÑANZA BÁSICA
650 4 _aESPAÑOL
_xEDUCACIÓN PRIMARIA
650 4 _aEDUCACIÓN PRIMARIA
_zREEPÚBLICA DOMINICANA
650 4 _aESPAÑOL
_xLIBROS DE TEXTOS
650 4 _aESPAÑOL
_xESTUDIOS Y EJERCICIOS
700 1 _aGuzmán, Karolyn
700 1 _aRosa, María del Jesús de la,
_eed.
700 1 _aSandoval, Ramón,
_eil.
700 1 _aGómez, Fiume
_tLengua española 1
700 1 2 _aEspinal, Daniel,
_eil.
910 _aValidado. Control de calidad MFF
942 _2ddc
_cBK
945 _aRemanejado para la BNPHU / 2018 VM
956 _aVMATEO
_b10
_c20150813
_lBPMSU
_h00151
956 _aLOPEREZ
_b10
_c20160602
_lBPMSU
_h00041
999 _c8190
_d8190